000 00429nmm a2200157Ia 4500
008 251105s9999||||xx |||||||||||||||||und||
020 _a9788431540616
041 _aspa
100 _aCocinova, Equipo de expertos
245 0 _aLas mejores ensaladas
264 _a[Madrid, España] :
_bDe Vecchi,
_c2012
300 _a0 páginas
650 _aCooking
856 _uhttps://public.digitaliapublishing.com/a/31082
942 _cCF
999 _c81570
_d81570